gastrointestinal hook worm of goats raised in household at oudong disrict, kampong speu province ព្រូនទំពក់ក្នុងពោះវៀនពពែរចិញ្ចឹមជាលក្ខណៈគ្រួសារនៅស្រុកឧដុង ខេត្តកំពងស្ពឺ (Record no. 18517)

000 -LEADER
fixed length control field 00693nam a22001337a 4500
040 ## - CATALOGING SOURCE
Transcribing agency RUA
082 ## - DEWEY DECIMAL CLASSIFICATION NUMBER
Classification number VEM SOK 2018 B654 Or.1
100 ## - MAIN ENTRY--AUTHOR NAME
Personal name SOK SREYNY សុខ ស្រីនី
245 ## - TITLE STATEMENT
Title gastrointestinal hook worm of goats raised in household at oudong disrict, kampong speu province ព្រូនទំពក់ក្នុងពោះវៀនពពែរចិញ្ចឹមជាលក្ខណៈគ្រួសារនៅស្រុកឧដុង ខេត្តកំពងស្ពឺ
260 ## - PUBLICATION, DISTRIBUTION, ETC. (IMPRINT)
Place of publication RUA
Name of publisher Phnom penh
Year of publication 2018
300 ## - PHYSICAL DESCRIPTION
Number of Pages viii;26p
Other physical details ill;
Dimensions 29cm
856 ## - ELECTRONIC LOCATION AND ACCESS
Uniform Resource Identifier https://drive.google.com/file/d/1H_JZHNSia1chX08th-pK8FPeWMiSDY9I/view?usp=sharing
942 ## - ADDED ENTRY ELEMENTS (KOHA)
Koha item type AVM
952 ## - LOCATION AND ITEM INFORMATION (KOHA)
Withdrawn status [LOCAL, KOHA] 0
952 ## - LOCATION AND ITEM INFORMATION (KOHA)
Withdrawn status [LOCAL, KOHA] 0
952 ## - LOCATION AND ITEM INFORMATION (KOHA)
Withdrawn status [LOCAL, KOHA] 0
952 ## - LOCATION AND ITEM INFORMATION (KOHA)
Withdrawn status [LOCAL, KOHA] 0
952 ## - LOCATION AND ITEM INFORMATION (KOHA)
Withdrawn status [LOCAL, KOHA] 0
952 ## - LOCATION AND ITEM INFORMATION (KOHA)
Withdrawn status [LOCAL, KOHA] 0
Holdings
Permanent Location Date acquired Koha item type Lost status Shelving location Barcode Current Location Full call number
Library Block B2019-12-13AVM B654A063751Library Block BVEM SOK 2018 B654 Or.1
Library Block B2019-12-13AVM B654A063811Library Block BVEM SOK 2018 B654 Or.2
Library Block B2019-12-13AVM B654A063883Library Block BVEM SOK 2018 B654 Or.3
Library Block B2019-12-13AVM B654A063731Library Block BVEM SOK 2018 B654 Or.4
Library Block B2019-12-13AVM B654A063877Library Block BVEM SOK 2018 B654 Or.5
Library Block B2019-12-13AVM B654A063907Library Block BVEM SOK 2018 B654 Or.6
មជ្ឈមណ្ឌលឯការនៃសាកលវិទ្យាល័យភូមិន្ទកសិកម្មចំការដូង

Powered by Koha